Demografické zmeny v EÚ v kontexte Lisabonskej stratégie
Enregistré dans:
| Auteur principal: | |
|---|---|
| Format: | Chapitre de livre |
| Langue: | slovaque |
| Tags: |
Pas de tags, Soyez le premier à ajouter un tag!
|
MARC
| LEADER | 00000nla$a2200000$$$4500 | ||
|---|---|---|---|
| 001 | 0061349 | ||
| 005 | 20240502071704.1 | ||
| 041 | 0 | |a slo | |
| 044 | |a SK | ||
| 245 | 1 | 0 | |a Demografické zmeny v EÚ v kontexte Lisabonskej stratégie |c Boris Mattoš |
| 100 | 1 | |a Mattoš, Boris, 1977- | |